000 00564nam a2200181Ia 4500
003 IN-BaIIA
008 211028s9999 xx 000 0 eng d
040 _cIIA Library
080 _a523.947:520.86
_bINSA
100 _aTrehan, S. K.
_913803
245 0 _aObservations of Total Solar Eclipse of 16 February 1980 (Preliminary Results)
_c S. K. Trehan .
260 _aNew Delhi
_bIndian National Science Academy
_c1981
300 _a130p.
650 _aAstronomy and Astrophysics Thesaurus
650 _aEclipses-Sun
650 _aTotal Eclipse
_91468
942 _cBK
999 _c8219
_d8219